000 00641cam a22002291 4500
001 f 01002043
003 DLC
005 20260227111241.0
008 850223s1886 fr 000 0 fre
010 _af 01002043
035 _a(OCoLC)11728873
040 _aDLC
_cTxHR
_dDLC
042 _apremarc
050 0 0 _aPQ75
_b.C3
100 1 _aCarton, Henri.
245 1 0 _aHistoire de la critique littéraire en France,
_cpar Henri Carton.
260 _aParis,
_bA. Dupret,
_c1886.
300 _a197 p.
_c18 cm.
490 0 _aCollection historique universelle
650 0 _aCriticism.
650 0 _aFrench literature
_xHistory and criticism.
999 _c22704
_d22704